000 00760nam a2200241Ia 4500
003 OSt
005 20220923213858.0
006 a|||||r|||| 00| 0
007 ta
008 220922b |||||||| |||| 00| 0 hin d
024 _a165,328
037 _cTextual
040 _aARTS
_cARTS
_bhin
041 _2hin
_ahin
082 _aO152,1M97,12, H9;L0
100 _aगुप्त, सियारामशरण
_9156365
245 0 _aउन्मुक्त
246 _aUnmukta
260 _aझॉसी
_b साहित्य-सदन
_c1949
650 _aहिन्दी साहित्य
_9156264
942 _hO152,1M97,12, H9;L0
_cTEXL
_2CC
999 _c319807
_d319807